000 01314cam a2200373 a 4500
003 CO-BoRNBP
005 20241003080334.0
007 ta
008 000627s2000 ck df r 00010dspa d
020 _a9589058051
040 _ala
_cla
041 1 _aspa
_hita
082 0 4 _a758.1
_bA68c
_220 ed.
100 1 _aAntei, Giorgio,
_d1946-
_942679
245 1 0 _aContra natura :
_bel arte y la crisis de la naturaleza /
_cGiorgio Antei.
250 _a1a. edición
300 _a238 p :
_bil., cuadros, láminas ;
_c26 cm.
336 _2rdacontent
_atexto
_btxt
337 _2rdamedia
_asin mediación
_bn
338 _2rdacarrier
_avolumen
_bnc
500 _aIncluye notas bibliográficas al final de cada capítulo.
504 _aIncluye bibliografía.
534 _tContro Natura. L'arte e la crisi del mondo naturale.
650 7 _aPintura
_v Colecciones.
_2BLAAUTO
_942680
650 7 _aNaturaleza en el arte.
_2BLAAUTO
_926206
650 7 _aFigura humana en el arte.
_2BLAAUTO
_932885
650 7 _aArte y mitología.
_2BLAAUTO
_942681
650 7 _aPintura
_xHistoria y crítica.
_2BLAAUTO
_942682
700 1 2 _aLombana, Mónica,
_etr.
_942683
700 1 _aZea de Uribe, Gloria,
_d1935-2019,
_etraducción.
_942684
830 0 _aRodolfo Segovia-Colección
_942685
942 _2ddc
_cBK
949 _an
_bn
999 _c38390
_d38390